Statistiche per Riconosci l'Anno dagli eventi - Quiz n°285

Clicka qui per fare il quiz!

Statistiche generali

  • Questo quiz è stato fatto 5 volte
  • Il punteggio medio è 8 su 10

Statistiche sulle risposte

IndizioRisposta% Corretto
E23 maggio: la terza defenestrazione di Praga segna l'inizio della Guerra dei Trent'Anni.
100%
G29 agosto: Maurizio d'Orange imprigiona Johan van Oldenbarnevelt e Hugo Grotius.
100%
AViene edificato il teatro Farnese nella grande sala del municipio di piazza della Pilotta a Parma.
100%
F20 luglio – Plutone occupa l'afelio.
80%
D22 maggio: secondo Manzoni, ha inizio la storia de I promessi sposi.
80%
I29 ottobre: Walter Raleigh, poeta e scrittore britannico, viene decapitato per congiura contro Giacomo I d'Inghilterra.
80%
H4 settembre: una vasta frana travolge e seppellisce l'abitato di Piuro in provincia di Sondrio. La notizia si diffonde rapidamente in tutta Europa suscitando viva impressione.
80%
C8 marzo: Keplero annuncia la terza legge sul movimento dei pianeti (che subito rigetta ma che riconfermerà il 15 maggio).
80%
BMustafa I cede il trono dell'Impero Ottomano al suo successore Osman II.
80%
Anno1618
40%

Distribuzione punteggi

Percentile per numero di risposta

Percentuale di utenti per punteggio

I tuoi punteggi nel tempo

Non hai fatto questo quiz